[Event "XXVI Ogolnopolska Olimpiada Mlodziezy"]
[Site "Pulawy"]
[Date "2020.10.08"]
[Round "5.1"]
[White "Chyzy, Jakub"]
[Black "Klimkowski, Jan"]
[Result "1/2-1/2"]
[WhiteElo "2250"]
[BlackElo "2298"]
[PlyCount "96"]
[EventDate "2020.10.04"]
[EventType "swiss"]
[Tiebreak "Sum of Buchholz+Median1 Buchholz+Sonneborn-Berger (Swiss)"]

1. e4 c5 2. Nc3 a6 3. Nf3 d6 4. d4 cxd4 5. Nxd4 Nf6 6. Be3 e5 7. Nb3 Be6 8. h3
Nc6 9. f4 d5 10. f5 Bxf5 11. exf5 d4 12. Bxd4 exd4 13. Qe2+ Qe7 14. Qxe7+ Bxe7
15. Ne2 Ne4 16. Rg1 O-O-O 17. O-O-O Bg5+ 18. Kb1 Be3 19. g4 Bxg1 20. Nxg1 Rhe8
21. Nf3 d3 22. cxd3 Nf2 23. Rd2 Nxd3 24. Bxd3 Re3 25. f6 g6 26. Nbd4 Nxd4 27.
Nxd4 Rxd4 28. Bf5+ gxf5 29. Rxd4 Rxh3 30. gxf5 Rh6 31. Kc2 Rxf6 32. Rh4 h6 33.
Kd3 Kd7 34. Ke4 Rb6 35. Rh2 Ke7 36. b3 Rb4+ 37. Ke5 f6+ 38. Kd5 Rb5+ 39. Ke4
Kd6 40. Rxh6 Rb4+ 41. Kd3 Ke5 42. Kc3 Rb6 43. Rh5 Kf4 44. Kc4 Kg4 45. Rh7 Kxf5
46. b4 Ke5 47. a4 f5 48. b5 axb5+ 1/2-1/2

[Event "XXVI Ogolnopolska Olimpiada Mlodziezy"]
[Site "Pulawy"]
[Date "2020.10.08"]
[Round "5.1"]
[White "Mulawa, Cyprian"]
[Black "Seemann, Jakub"]
[Result "0-1"]
[WhiteElo "1693"]
[BlackElo "2339"]
[PlyCount "86"]
[EventDate "2020.10.04"]
[EventType "swiss"]
[Tiebreak "Sum of Buchholz+Median1 Buchholz+Sonneborn-Berger (Swiss)"]

1. e4 c5 2. Nf3 d6 3. d4 Nf6 4. Nc3 cxd4 5. Qxd4 Nc6 6. Bb5 Bd7 7. Qd3 a6 8.
Bxc6 Bxc6 9. Bg5 e6 10. O-O-O Be7 11. Nd4 Bd7 12. f4 b5 13. a3 O-O 14. Bxf6
Bxf6 15. g4 Qb6 16. g5 Be7 17. f5 Bxg5+ 18. Kb1 b4 19. axb4 Qxb4 20. Nb3 Bf4
21. f6 a5 22. Rhg1 g6 23. Rdf1 Qb6 24. Rg4 Be5 25. Qh3 Qd8 26. Rh4 Bxf6 27.
Rxh7 Bg7 28. e5 dxe5 29. Ne4 Bc6 30. Nbc5 Bxe4 31. Nxe4 f5 32. Nc5 Rf6 33. Rf3
Qd1+ 34. Ka2 Qd5+ 35. Kb1 Qxc5 36. Rc3 Qg1+ 37. Ka2 Qg4 38. Rxg7+ Kxg7 39. Rc7+
Rf7 40. Rxf7+ Kxf7 41. Qh7+ Kf6 42. h3 Qc4+ 43. Kb1 Rd8 0-1

[Event "XXVI Ogolnopolska Olimpiada Mlodziezy"]
[Site "Pulawy"]
[Date "2020.10.08"]
[Round "5.1"]
[White "Nieckarz, Maja"]
[Black "Szczotka, Klara"]
[Result "1/2-1/2"]
[WhiteElo "1426"]
[BlackElo "1959"]
[PlyCount "97"]
[EventDate "2020.10.04"]
[EventType "swiss"]
[Tiebreak "Sum of Buchholz+Median1 Buchholz+Sonneborn-Berger (Swiss)"]

1. e4 c5 2. Nf3 e6 3. d4 cxd4 4. Nxd4 Nf6 5. Qd3 a6 6. c4 Nc6 7. Nxc6 bxc6 8.
Nc3 Bc5 9. e5 Ng4 10. Ne4 Bb4+ 11. Bd2 Bxd2+ 12. Qxd2 Nxe5 13. Nd6+ Kf8 14.
Nxc8 Rxc8 15. Qd6+ Qe7 16. Qxe5 f6 17. Qc3 d5 18. Qa3 Ra8 19. Qxe7+ Kxe7 20.
cxd5 exd5 21. O-O-O Kd6 22. Bd3 g6 23. Rhe1 a5 24. Re2 Rhe8 25. Rxe8 Rxe8 26.
Kc2 Kc5 27. Kc3 Re5 28. a3 Rh5 29. b4+ axb4+ 30. axb4+ Kb6 31. h3 c5 32. bxc5+
Kxc5 33. Re1 Kd6 34. Re3 Rh4 35. Re8 f5 36. Bf1 Ra4 37. Be2 Ra2 38. Bf3 Rxf2
39. Rd8+ Ke5 40. Rxd5+ Kf4 41. Rd7 h5 42. Rd6 g5 43. Rd4+ Kg3 44. Rd5 g4 45.
hxg4 hxg4 46. Rxf5 gxf3 47. Rxf3+ Rxf3+ 48. gxf3 Kxf3 49. Kd4 1/2-1/2

[Event "XXVI Ogolnopolska Olimpiada Mlodziezy"]
[Site "Pulawy"]
[Date "2020.10.08"]
[Round "5.1"]
[White "Zabrzanska, Weronika"]
[Black "Starosta, Martyna"]
[Result "0-1"]
[WhiteElo "1830"]
[BlackElo "2046"]
[PlyCount "62"]
[EventDate "2020.10.04"]
[EventType "swiss"]
[Tiebreak "Sum of Buchholz+Median1 Buchholz+Sonneborn-Berger (Swiss)"]

1. e4 e5 2. Nf3 Nc6 3. Bb5 a6 4. Bxc6 dxc6 5. O-O Bg4 6. h3 h5 7. c3 c5 8. d3
Qf6 9. hxg4 hxg4 10. Ng5 Qh6 11. f3 Qh2+ 12. Kf2 Qh4+ 13. Ke2 Be7 14. Qd2 Rh5
15. Nxf7 Bf6 16. Nxe5 Bxe5 17. f4 Bf6 18. Qe3 O-O-O 19. Nd2 Qh2 20. Qf2 Bh4 21.
g3 Bxg3 22. Qxh2 Rxh2+ 23. Ke3 Nf6 24. Nc4 Nh5 25. e5 Nxf4 26. Rxf4 Bxf4+ 27.
Kxf4 Rf8+ 28. Kg5 Rh1 29. Ne3 g3 30. Nc2 Rff1 31. Bf4 g2 0-1

[Event "XXVI Ogolnopolska Olimpiada Mlodziezy"]
[Site "Pulawy"]
[Date "2020.10.08"]
[Round "5.2"]
[White "Fiszer, Bartosz"]
[Black "Paprocki, Antoni"]
[Result "1-0"]
[WhiteElo "2225"]
[BlackElo "2031"]
[PlyCount "85"]
[EventDate "2020.10.04"]
[EventType "swiss"]
[Tiebreak "Sum of Buchholz+Median1 Buchholz+Sonneborn-Berger (Swiss)"]

1. e4 c5 2. Nf3 d6 3. d4 cxd4 4. Nxd4 Nf6 5. Nc3 a6 6. Bg5 Nbd7 7. Qe2 h6 8.
Bh4 g6 9. O-O-O e5 10. Nb3 Be7 11. Kb1 b5 12. a3 Bb7 13. g4 Rc8 14. f3 Qc7 15.
Bf2 Kf8 16. h4 Nb6 17. Bg2 Nc4 18. Be1 Qb6 19. Bf2 Qc7 20. Be1 Kg7 21. Nd5 Nxd5
22. exd5 Bf6 23. Qe4 a5 24. Bf1 a4 25. Bxc4 bxc4 26. Na5 Qb6 27. Nxc4 Qc5 28.
Na5 Ba6 29. Bb4 Qb5 30. Nc6 Bb7 31. Na7 Qb6 32. Nxc8 Rxc8 33. g5 hxg5 34. h5
Ba6 35. hxg6 fxg6 36. Qg4 Qc7 37. Rh2 Rh8 38. Rxh8 Kxh8 39. Rh1+ Kg8 40. Qe6+
Kg7 41. Bxd6 Qb6 42. Qd7+ Kg8 43. Qh7# 1-0

[Event "XXVI Ogolnopolska Olimpiada Mlodziezy"]
[Site "Pulawy"]
[Date "2020.10.08"]
[Round "5.2"]
[White "Komendecki, Antoni"]
[Black "Warchol, Kamil"]
[Result "1-0"]
[WhiteElo "1801"]
[BlackElo "1875"]
[PlyCount "119"]
[EventDate "2020.10.04"]
[EventType "swiss"]
[Tiebreak "Sum of Buchholz+Median1 Buchholz+Sonneborn-Berger (Swiss)"]

1. c4 e5 2. Nc3 Nf6 3. g3 c6 4. d4 exd4 5. Qxd4 d5 6. cxd5 cxd5 7. Bg2 Be6 8.
Nf3 Be7 9. O-O O-O 10. Qa4 Nbd7 11. Nd4 Qb6 12. Nxe6 fxe6 13. Be3 Qb4 14. Bh3
Kf7 15. Rfd1 Nb6 16. Qc2 Nc4 17. Bg5 h6 18. Bxf6 Bxf6 19. Qd3 Rfd8 20. Qf3 Nxb2
21. Rdc1 Nc4 22. Rab1 Qe7 23. Qf4 Kg8 24. Qg4 Kf7 25. Nb5 a6 26. Nd4 Bxd4 27.
Qxd4 b5 28. Rc3 Rd6 29. Qf4+ Kg8 30. Rd1 Rf8 31. Qd4 Qf6 32. Qxf6 gxf6 33. e4
d4 34. Rf3 Kf7 35. Bf1 Ke7 36. Rb3 Nb6 37. g4 e5 38. Rh3 Rh8 39. Rc1 Kd7 40. f4
Rc6 41. Rxc6 Kxc6 42. fxe5 fxe5 43. Rh5 Nc4 44. g5 Kc5 45. Rxh6 Rg8 46. h4 Nd2
47. Bd3 Kb4 48. Kf2 Kc3 49. Ke2 Nc4 50. Rxa6 Rh8 51. Rh6 Rg8 52. a4 bxa4 53.
Rc6 Ra8 54. Bxc4 Kb2 55. g6 a3 56. g7 a2 57. Bxa2 Kxa2 58. h5 Kb3 59. h6 Ra2+
60. Kf3 1-0

[Event "XXVI Ogolnopolska Olimpiada Mlodziezy"]
[Site "Pulawy"]
[Date "2020.10.08"]
[Round "5.2"]
[White "Siekanska, Maria"]
[Black "Barwinska, Ewa"]
[Result "1-0"]
[WhiteElo "1916"]
[BlackElo "1742"]
[PlyCount "55"]
[EventDate "2020.10.04"]
[EventType "swiss"]
[Tiebreak "Sum of Buchholz+Median1 Buchholz+Sonneborn-Berger (Swiss)"]

1. d4 Nf6 2. c4 e6 3. Nc3 Bb4 4. e3 O-O 5. Bd3 d5 6. a3 Be7 7. Nf3 b6 8. cxd5
exd5 9. b4 Bb7 10. O-O Nbd7 11. Ne5 c5 12. bxc5 bxc5 13. f4 Ne4 14. Ne2 f5 15.
g4 c4 16. Bxe4 fxe4 17. Ra2 Nf6 18. f5 Bd6 19. Nf4 Qb8 20. Bb2 h6 21. h4 Qc8
22. Bc3 Nh7 23. Ne6 Re8 24. g5 hxg5 25. hxg5 Rxe6 26. fxe6 Qxe6 27. Qh5 Qe7 28.
Nf7 1-0

[Event "XXVI Ogolnopolska Olimpiada Mlodziezy"]
[Site "Pulawy"]
[Date "2020.10.08"]
[Round "5.2"]
[White "Sprzeczka, Emilia"]
[Black "Gaszka, Zuzanna"]
[Result "1/2-1/2"]
[WhiteElo "1488"]
[BlackElo "1417"]
[PlyCount "114"]
[EventDate "2020.10.04"]
[EventType "swiss"]
[Tiebreak "Sum of Buchholz+Median1 Buchholz+Sonneborn-Berger (Swiss)"]

1. e4 e5 2. Nf3 Nc6 3. d4 exd4 4. Nxd4 Bc5 5. Be3 Qf6 6. c3 Nge7 7. Bc4 b6 8.
O-O Bb7 9. f3 O-O-O 10. b4 Bxd4 11. Bxd4 Nxd4 12. Qxd4 Qxd4+ 13. cxd4 d5 14.
Bb3 dxe4 15. fxe4 Rxd4 16. Rxf7 Rxe4 17. Nc3 Re3 18. Rc1 g6 19. Nb5 c6 20. Nd4
Rd3 21. Nxc6 Nxc6 22. b5 Rd6 23. Ba4 Kb8 24. bxc6 Ba6 25. c7+ Kc8 26. Bd1 h5
27. Bf3 Rd7 28. Rf6 Rg8 29. Be4 Rxc7 30. Rxc7+ Kxc7 31. Rxg6 Rxg6 32. Bxg6 h4
33. Bf7 Kd6 34. Kf2 Bb7 35. g4 hxg3+ 36. hxg3 Bd5 37. Bxd5 Kxd5 38. Ke3 Ke5 39.
Kd3 Kd5 40. g4 b5 41. g5 a5 42. g6 Ke6 43. Kd4 Kf6 44. Kc5 a4 45. Kxb5 a3 46.
Kb4 Kxg6 47. Kxa3 Kf6 48. Kb4 Ke7 49. Kb5 Kd7 50. Kb6 Kc8 51. Ka7 Kc7 52. a4
Kc8 53. Ka8 Kc7 54. a5 Kc8 55. Ka7 Kc7 56. a6 Kc8 57. Ka8 Kc7 1/2-1/2

[Event "XXVI Ogolnopolska Olimpiada Mlodziezy"]
[Site "Pulawy"]
[Date "2020.10.08"]
[Round "5.3"]
[White "Krawczyk, Flawian"]
[Black "Krasniewski, Maciej"]
[Result "1/2-1/2"]
[WhiteElo "2114"]
[BlackElo "1525"]
[PlyCount "96"]
[EventDate "2020.10.04"]
[EventType "swiss"]
[Tiebreak "Sum of Buchholz+Median1 Buchholz+Sonneborn-Berger (Swiss)"]

1. e4 c5 2. Nf3 e6 3. d4 cxd4 4. Nxd4 Nc6 5. Nc3 Qc7 6. Be3 a6 7. Qd2 Nf6 8. f3
Bb4 9. a3 Bxc3 10. Qxc3 d5 11. Nxc6 Qxc6 12. Qxc6+ bxc6 13. exd5 cxd5 14. Bc5
Bb7 15. Bd3 Rc8 16. Bb4 Kd7 17. O-O Rc6 18. Rae1 Re8 19. Bc3 Ke7 20. Bb4+ Kd8
21. Rf2 g6 22. Rd2 Kc8 23. Bf1 e5 24. a4 e4 25. Bc3 Rce6 26. Bd4 Nd7 27. c4
exf3 28. Rxe6 fxe6 29. gxf3 e5 30. Bf2 d4 31. c5 Kc7 32. Rc2 Rb8 33. f4 Be4 34.
Rd2 a5 35. fxe5 Nxc5 36. Rxd4 Bc6 37. Rh4 Nd7 38. Rxh7 Re8 39. Bh3 Kd8 40. Bd4
Bxa4 41. e6 Nf8 42. Bb6+ Kc8 43. Rc7+ Kb8 44. Rh7 Kc8 45. Rc7+ Kb8 46. Rh7 Kc8
47. Ra7 Nxe6 48. Rh7 Rh8 1/2-1/2

[Event "XXVI Ogolnopolska Olimpiada Mlodziezy"]
[Site "Pulawy"]
[Date "2020.10.08"]
[Round "5.3"]
[White "Meers, Hubert"]
[Black "Kazmierowski, Tymon"]
[Result "1/2-1/2"]
[WhiteElo "1988"]
[BlackElo "1958"]
[PlyCount "100"]
[EventDate "2020.10.04"]
[EventType "swiss"]
[Tiebreak "Sum of Buchholz+Median1 Buchholz+Sonneborn-Berger (Swiss)"]

1. e4 c5 2. Nc3 d6 3. Nge2 Nf6 4. g3 g6 5. d4 cxd4 6. Nxd4 Bg7 7. Bg2 O-O 8.
O-O Bd7 9. Nde2 Nc6 10. h3 Rc8 11. Be3 Na5 12. b3 Qc7 13. Qd2 Rfd8 14. Rac1 b5
15. a3 Bc6 16. Nd4 a6 17. Nxc6 Nxc6 18. a4 Nb4 19. Nxb5 axb5 20. Qxb4 bxa4 21.
Bb6 Qb7 22. e5 Nd5 23. Bxd5 Qxd5 24. Bxd8 Rxd8 25. exd6 Rxd6 26. bxa4 Bd4 27.
Qb3 Qc6 28. c4 Rf6 29. Rc2 Rf3 30. Qb8+ Kg7 31. Rd2 Qxc4 32. Qb5 Qc3 33. Kg2
Be5 34. Qxe5+ Qxe5 35. Kxf3 Qc3+ 36. Ke2 Qc4+ 37. Rd3 Qxa4 38. Rfd1 Qe4+ 39.
Re3 Qc4+ 40. Kf3 Qc6+ 41. Ke2 e6 42. Rd2 f5 43. f3 Kf6 44. Kf2 Qc5 45. Rde2 Qd4
46. f4 h6 47. Kg2 Qd5+ 48. Kh2 h5 49. Re5 Qc4 50. h4 Qb3 1/2-1/2

[Event "XXVI Ogolnopolska Olimpiada Mlodziezy"]
[Site "Pulawy"]
[Date "2020.10.08"]
[Round "5.3"]
[White "Seemann, Pola"]
[Black "Banasiak, Adrianna"]
[Result "1-0"]
[WhiteElo "1566"]
[BlackElo "1216"]
[PlyCount "93"]
[EventDate "2020.10.04"]
[EventType "swiss"]
[Tiebreak "Sum of Buchholz+Median1 Buchholz+Sonneborn-Berger (Swiss)"]

1. e4 c5 2. Nf3 Nc6 3. d4 cxd4 4. Nxd4 Nf6 5. Nc3 e5 6. Ndb5 d6 7. Nd5 Nxd5 8.
exd5 Nb8 9. a4 a6 10. Na3 Be7 11. Be2 O-O 12. O-O f5 13. f4 Qb6+ 14. Kh1 e4 15.
Nc4 Qc7 16. Be3 Nd7 17. a5 Bf6 18. Ra2 Bd8 19. b4 Qb8 20. Nb6 Nxb6 21. axb6 Bd7
22. c4 Be7 23. Qb3 Qe8 24. c5 Bb5 25. Rc1 Bxe2 26. Rxe2 Qf7 27. Qc4 Rac8 28. c6
Qh5 29. Rec2 g5 30. Qe2 Qf7 31. Qd2 Bf6 32. fxg5 Be5 33. g3 Qh5 34. Bf4 Qf3+
35. Kg1 Bxf4 36. Qxf4 Qd3 37. Qd2 Qb5 38. Qd4 f4 39. cxb7 Rxc2 40. Rxc2 fxg3
41. hxg3 Qd7 42. Rc7 Rf1+ 43. Kg2 Qh3+ 44. Kxh3 Rh1+ 45. Kg2 Rh2+ 46. Kxh2 e3
47. Qg7# 1-0

[Event "XXVI Ogolnopolska Olimpiada Mlodziezy"]
[Site "Pulawy"]
[Date "2020.10.08"]
[Round "5.3"]
[White "Szopa, Emilia"]
[Black "Arciszewska, Zuzanna"]
[Result "1-0"]
[WhiteElo "1790"]
[BlackElo "1593"]
[PlyCount "89"]
[EventDate "2020.10.04"]
[EventType "swiss"]
[Tiebreak "Sum of Buchholz+Median1 Buchholz+Sonneborn-Berger (Swiss)"]

1. e4 e5 2. Nf3 Nc6 3. c3 Nf6 4. d4 Nxe4 5. d5 Ne7 6. Nxe5 Ng6 7. Nxg6 hxg6 8.
Bd3 Nf6 9. O-O d6 10. h3 Be7 11. c4 Bf5 12. Nc3 Qd7 13. Bxf5 gxf5 14. Re1 O-O
15. Qf3 Rfe8 16. b3 Nh7 17. Bd2 Bf6 18. Rac1 Nf8 19. Ne2 g6 20. Rcd1 Nh7 21.
Qg3 Re7 22. Nf4 Be5 23. h4 Nf6 24. Qf3 Rae8 25. Nd3 Ne4 26. Nxe5 Rxe5 27. Bf4
R5e7 28. Re3 a6 29. Rde1 Nd2 30. Qd1 Rxe3 31. Rxe3 Rxe3 32. Bxe3 Ne4 33. f3 Ng3
34. Bf2 Nh5 35. Qd4 b6 36. g4 Ng7 37. Qf6 Ne8 38. Qg5 Kg7 39. Bd4+ f6 40. h5
Qf7 41. gxf5 b5 42. hxg6 Qe7 43. Qh4 Qe2 44. Qh7+ Kf8 45. Qf7# 1-0

[Event "XXVI Ogolnopolska Olimpiada Mlodziezy"]
[Site "Pulawy"]
[Date "2020.10.08"]
[Round "5.4"]
[White "Grot, Blazej"]
[Black "Jozwik, Michal"]
[Result "1-0"]
[WhiteElo "1791"]
[BlackElo "1466"]
[PlyCount "72"]
[EventDate "2020.10.04"]
[EventType "swiss"]
[Tiebreak "Sum of Buchholz+Median1 Buchholz+Sonneborn-Berger (Swiss)"]

1. e4 c6 2. d4 d5 3. Nd2 dxe4 4. Nxe4 Bf5 5. Ng3 Bg6 6. Nh3 h6 7. Nf4 Bh7 8. c3
Nf6 9. Bc4 e6 10. Qf3 Nbd7 11. O-O Nd5 12. Re1 N7f6 13. Ngh5 Nxh5 14. Qxh5 Nxf4
15. Bxf4 Be7 16. Rxe6 g6 17. Qe5 Rg8 18. Rf6 Rf8 19. Bxh6 Kd7 20. Rxf7 Rxf7 21.
Bxf7 Bd6 22. Be6+ Kc7 23. Qg7+ Qe7 24. Qxe7+ Bxe7 25. Re1 Rd8 26. Bf4+ Bd6 27.
Bxd6+ Kxd6 28. Bc4 Bg8 29. Bxg8 Rxg8 30. h4 Kd5 31. b3 b5 32. Re5+ Kd6 33. Rg5
Ke7 34. h5 Kf6 35. Rxg6+ Rxg6 36. hxg6 Kf5 1-0

[Event "XXVI Ogolnopolska Olimpiada Mlodziezy"]
[Site "Pulawy"]
[Date "2020.10.08"]
[Round "5.4"]
[White "Janeczko, Jakub"]
[Black "Jedraszek, Pawel"]
[Result "1/2-1/2"]
[WhiteElo "1933"]
[BlackElo "1816"]
[PlyCount "76"]
[EventDate "2020.10.04"]
[EventType "swiss"]
[Tiebreak "Sum of Buchholz+Median1 Buchholz+Sonneborn-Berger (Swiss)"]

1. e4 c5 2. Ne2 Nc6 3. g3 d5 4. Bg2 dxe4 5. Bxe4 Nf6 6. Bg2 Bg4 7. h3 Bh5 8.
Nbc3 e6 9. d3 Be7 10. Be3 O-O 11. g4 Bg6 12. Nf4 Nd7 13. Qd2 c4 14. d4 e5 15.
Nxg6 hxg6 16. Bxc6 bxc6 17. dxe5 Nxe5 18. Qxd8 Rfxd8 19. Ke2 f5 20. f4 Nf7 21.
Rhd1 a6 22. Na4 Nd6 23. Kf3 c3 24. bxc3 Ne4 25. g5 Kf7 26. Bd4 Rh8 27. Rh1 Rh4
28. Nb6 Rah8 29. Kg2 Rxf4 30. Nc4 Rh5 31. Be3 Rxg5+ 32. Kh2 Rf3 33. Bxg5 Rf2+
34. Kg1 Bxg5 35. Rh2 Rf4 36. Rf1 Rxf1+ 37. Kxf1 Bf4 38. Rg2 g5 1/2-1/2

[Event "XXVI Ogolnopolska Olimpiada Mlodziezy"]
[Site "Pulawy"]
[Date "2020.10.08"]
[Round "5.4"]
[White "Janikowska, Wiktoria"]
[Black "Pawicka, Magdalena"]
[Result "0-1"]
[WhiteElo "1580"]
[BlackElo "1775"]
[PlyCount "86"]
[EventDate "2020.10.04"]
[EventType "swiss"]
[Tiebreak "Sum of Buchholz+Median1 Buchholz+Sonneborn-Berger (Swiss)"]

1. e4 c5 2. Nf3 d6 3. Bb5+ Bd7 4. Bxd7+ Qxd7 5. O-O g6 6. c3 Bg7 7. d4 Nf6 8.
Re1 O-O 9. Bg5 cxd4 10. cxd4 d5 11. exd5 Nxd5 12. Nc3 Bf6 13. Ne5 Qd8 14. Bh6
Bg7 15. Bxg7 Kxg7 16. Qf3 e6 17. Nxd5 Qxd5 18. Qxd5 exd5 19. Rac1 Na6 20. a3
Rac8 21. Kf1 Nc7 22. Nf3 Ne6 23. g3 Rfe8 24. b3 Kf6 25. h3 h6 26. Red1 Ke7 27.
Ke2 Kd6 28. Kd3 Rc7 29. Rxc7 Nxc7 30. Re1 Rxe1 31. Nxe1 Nb5 32. a4 Nc7 33. b4
Na8 34. Nf3 Nb6 35. Ne5 Ke6 36. a5 Nc8 37. f3 Ne7 38. g4 f6 39. f4 fxe5 40.
fxe5 Nc6 41. Kc3 g5 42. a6 bxa6 43. b5 axb5 0-1

[Event "XXVI Ogolnopolska Olimpiada Mlodziezy"]
[Site "Pulawy"]
[Date "2020.10.08"]
[Round "5.4"]
[White "Lazniewska, Zofia"]
[Black "Ziobrowska, Maja"]
[Result "1/2-1/2"]
[WhiteElo "1506"]
[BlackElo "1483"]
[PlyCount "92"]
[EventDate "2020.10.04"]
[EventType "swiss"]
[Tiebreak "Sum of Buchholz+Median1 Buchholz+Sonneborn-Berger (Swiss)"]

1. e4 e5 2. Nf3 Nc6 3. Nc3 Nf6 4. d4 exd4 5. Nxd4 Bb4 6. Nxc6 bxc6 7. Bd3 h6 8.
O-O O-O 9. h3 Re8 10. Qf3 d5 11. exd5 cxd5 12. Bb5 Bd7 13. Bxd7 Qxd7 14. Bxh6
gxh6 15. Qxf6 d4 16. Rad1 Rad8 17. Qxh6 Re6 18. Qh4 Rg6 19. Ne2 Be7 20. Qxd4
Qc6 21. Qxd8+ Bxd8 22. Rxd8+ Kg7 23. Nf4 Rd6 24. Rxd6 Qxd6 25. Nd3 c5 26. b3 c4
27. bxc4 Qa3 28. c5 Qxa2 29. c6 Qc4 30. Ra1 Qxc6 31. Rxa7 Qxc2 32. Ra3 Qb1+ 33.
Kh2 Qb6 34. Rc3 Qd4 35. Rb3 Qd5 36. Rc3 Qd4 37. Rb3 Qd5 38. Rc3 f5 39. Nb2 Qd4
40. Rg3+ Kf6 41. Kg1 Qd2 42. Nd3 Qc2 43. Kh2 Qc7 44. Nb4 Qb8 45. Nd3 Qd6 46.
Kg1 Qb8 1/2-1/2

[Event "XXVI Ogolnopolska Olimpiada Mlodziezy"]
[Site "Pulawy"]
[Date "2020.10.08"]
[Round "5.5"]
[White "Backiel, Hubert"]
[Black "Jeda, Maciej"]
[Result "1-0"]
[WhiteElo "2073"]
[BlackElo "1768"]
[PlyCount "47"]
[EventDate "2020.10.04"]
[EventType "swiss"]
[Tiebreak "Sum of Buchholz+Median1 Buchholz+Sonneborn-Berger (Swiss)"]

1. e4 d6 2. d4 g6 3. Nc3 Bg7 4. Be3 Nf6 5. f3 c6 6. Qd2 Nbd7 7. Nh3 b5 8. a3
Rb8 9. Be2 Nb6 10. Bh6 Bxh6 11. Qxh6 Nc4 12. Bxc4 bxc4 13. e5 dxe5 14. dxe5 Nd5
15. Qg7 Rf8 16. Ng5 Nf4 17. Nxh7 Ne6 18. Qh6 Rg8 19. Rd1 Qa5 20. O-O Qxe5 21.
Ne4 Qg7 22. Qh4 g5 23. Qg3 Nf4 24. Rfe1 1-0

[Event "XXVI Ogolnopolska Olimpiada Mlodziezy"]
[Site "Pulawy"]
[Date "2020.10.08"]
[Round "5.5"]
[White "Bochniak, Franciszek"]
[Black "Raczek, Krzysztof"]
[Result "1/2-1/2"]
[WhiteElo "1458"]
[BlackElo "1782"]
[PlyCount "75"]
[EventDate "2020.10.04"]
[EventType "swiss"]
[Tiebreak "Sum of Buchholz+Median1 Buchholz+Sonneborn-Berger (Swiss)"]

1. d4 Nf6 2. c4 g6 3. Nc3 Bg7 4. e4 d6 5. f3 O-O 6. Bg5 c5 7. d5 a6 8. Bd3 e6
9. a4 Nbd7 10. Nh3 Ne5 11. Nf2 exd5 12. cxd5 Nxd3+ 13. Nxd3 Bd7 14. O-O c4 15.
Nf2 b5 16. axb5 axb5 17. Qd2 Qb6 18. Be3 Qb7 19. Bd4 Rfb8 20. Ne2 Be8 21. Qb4
Qe7 22. Rxa8 Rxa8 23. Re1 Ra4 24. Qc3 Bd7 25. Ng3 Qd8 26. f4 Qa5 27. Qxa5 Rxa5
28. Bc3 Ra2 29. Rc1 Kf8 30. Ne2 Ke7 31. Rc2 Bh6 32. g3 Ra1+ 33. Rc1 Rxc1+ 34.
Nxc1 Ng4 35. Nxg4 Bxg4 36. Kf2 Bd1 37. Na2 g5 38. Ke3 1/2-1/2

[Event "XXVI Ogolnopolska Olimpiada Mlodziezy"]
[Site "Pulawy"]
[Date "2020.10.08"]
[Round "5.5"]
[White "Tokarz, Izabela"]
[Black "Obrochta, Lena"]
[Result "1-0"]
[WhiteElo "1549"]
[BlackElo "1765"]
[PlyCount "95"]
[EventDate "2020.10.04"]
[EventType "swiss"]
[Tiebreak "Sum of Buchholz+Median1 Buchholz+Sonneborn-Berger (Swiss)"]

1. d4 d5 2. c4 e6 3. Nc3 Be7 4. Nf3 Nf6 5. cxd5 exd5 6. Bg5 c6 7. Qc2 g6 8. e3
Bf5 9. Bd3 Bxd3 10. Qxd3 O-O 11. O-O Nbd7 12. Ne5 Nxe5 13. dxe5 Nd7 14. Bf4 f6
15. exf6 Nxf6 16. h3 Qe8 17. Ne2 Qf7 18. Rab1 a5 19. a3 Ne4 20. f3 Nc5 21. Qc2
Qf5 22. Qxf5 Rxf5 23. Nd4 Rff8 24. Bh6 Rfe8 25. b4 axb4 26. axb4 Nd7 27. f4 Ra4
28. f5 Bf8 29. Bxf8 Rxf8 30. g4 Ra2 31. Rf2 Rxf2 32. Kxf2 Ne5 33. Kg3 Nc4 34.
Kf4 Ra8 35. b5 c5 36. Ne6 Rc8 37. Rd1 Nb6 38. fxg6 hxg6 39. Kg5 Kh7 40. Rf1 Re8
41. Rf7+ Kg8 42. Kf6 Nc8 43. Rg7+ Kh8 44. Nf4 Rf8+ 45. Kxg6 d4 46. Kh6 Rf6+ 47.
Ng6+ Rxg6+ 48. Kxg6 1-0

[Event "XXVI Ogolnopolska Olimpiada Mlodziezy"]
[Site "Pulawy"]
[Date "2020.10.08"]
[Round "5.6"]
[White "Dziewonski, Dariusz"]
[Black "Jaskulski, Jan"]
[Result "1-0"]
[WhiteElo "2014"]
[BlackElo "1619"]
[PlyCount "69"]
[EventDate "2020.10.04"]
[EventType "swiss"]
[Tiebreak "Sum of Buchholz+Median1 Buchholz+Sonneborn-Berger (Swiss)"]

1. e4 c5 2. Nf3 d6 3. d4 cxd4 4. Nxd4 Nf6 5. Nc3 Nc6 6. Bc4 e6 7. Be3 Be7 8.
Qe2 a6 9. O-O-O Qc7 10. Bb3 O-O 11. g4 Nxd4 12. Rxd4 b5 13. g5 Nd7 14. Rg1 Nc5
15. e5 dxe5 16. Rh4 g6 17. Bxc5 Bxc5 18. Ne4 f5 19. Nf6+ Rxf6 20. gxf6 e4 21.
Qd2 Qf7 22. Qd8+ Bf8 23. Rd1 a5 24. Rd6 Bb7 25. Qd7 Bc8 26. Bxe6 Bxd7 27. Bxf7+
Kxf7 28. Rxh7+ Kg8 29. Rdxd7 g5 30. Ra7 Rxa7 31. Rxa7 Bc5 32. Rg7+ Kf8 33. Rxg5
Bxf2 34. Rxf5 e3 35. Kd1 1-0

[Event "XXVI Ogolnopolska Olimpiada Mlodziezy"]
[Site "Pulawy"]
[Date "2020.10.08"]
[Round "5.6"]
[White "Kucharska, Helena"]
[Black "Uliasz, Katarzyna"]
[Result "1/2-1/2"]
[WhiteElo "1727"]
[BlackElo "1495"]
[PlyCount "105"]
[EventDate "2020.10.04"]
[EventType "swiss"]
[Tiebreak "Sum of Buchholz+Median1 Buchholz+Sonneborn-Berger (Swiss)"]

1. e4 c5 2. Nf3 Nc6 3. Bb5 d6 4. O-O Bd7 5. Re1 e6 6. c4 Nge7 7. Nc3 Qc7 8. d4
cxd4 9. Nxd4 a6 10. Nxc6 bxc6 11. Ba4 Ng6 12. f4 h5 13. Be3 Be7 14. Rc1 Rb8 15.
Qe2 a5 16. Red1 h4 17. h3 Rb7 18. Nb1 Bf6 19. b3 e5 20. f5 Ne7 21. Qd2 Bxf5 22.
exf5 Nxf5 23. Bf2 Rh5 24. Qd5 Kf8 25. Qxc6 Qb8 26. Qf3 g6 27. c5 dxc5 28. Bxc5+
Kg7 29. Nc3 Ng3 30. Ne4 Rf5 31. Qe3 Nxe4 32. Qxe4 Rf4 33. Qe3 Bg5 34. Bd6 Rf5
35. Qc5 Qa7 36. Qxa7 Rxa7 37. Rc3 e4 38. Bc5 Rxc5 39. Rxc5 Be3+ 40. Kf1 Bxc5
41. Rd5 Bb4 42. Bb5 e3 43. Ke2 Bd2 44. Rd4 g5 45. Rd5 f6 46. Bd3 Rc7 47. Bc4
Re7 48. Rd8 Bb4 49. Rg8+ Kh7 50. Rf8 Kg6 51. Rg8+ Kf5 52. Kf3 Bd2 53. Ke2
1/2-1/2

[Event "XXVI Ogolnopolska Olimpiada Mlodziezy"]
[Site "Pulawy"]
[Date "2020.10.08"]
[Round "5.6"]
[White "Pniewska, Beata"]
[Black "Salamon, Julia"]
[Result "0-1"]
[WhiteElo "1170"]
[BlackElo "1551"]
[PlyCount "132"]
[EventDate "2020.10.04"]
[EventType "swiss"]
[Tiebreak "Sum of Buchholz+Median1 Buchholz+Sonneborn-Berger (Swiss)"]

1. e4 c5 2. c3 Nf6 3. e5 Nd5 4. d4 cxd4 5. cxd4 e6 6. Nf3 Nc6 7. Bc4 Nb6 8. Bb3
d5 9. O-O Be7 10. Nc3 O-O 11. Bf4 a6 12. Rc1 Bd7 13. Ne2 Na5 14. Bc2 Bb5 15. a4
Bxe2 16. Qxe2 Rc8 17. Qd3 g6 18. b3 Nc6 19. Qe3 Re8 20. Bg5 Bxg5 21. Nxg5 Qe7
22. Qf4 Qf8 23. Qh4 Qg7 24. Rfe1 h6 25. Nf3 Rc7 26. h3 Rec8 27. Re2 Nb4 28. Ne1
a5 29. Qf4 Nd7 30. Qd2 Nb8 31. Qe3 N8a6 32. Rd2 Rc3 33. Qe2 Qf8 34. Qd1 Qe7 35.
Nd3 Qc7 36. Ne1 b6 37. Kf1 Kg7 38. Re2 Rxb3 39. Rd2 Rc3 40. Qe2 Qc6 41. Kg1 Rc7
42. Kh2 Qd7 43. Nd3 Qc8 44. Ne1 R7c4 45. g3 Nb8 46. Kg2 N8c6 47. Nf3 Ne7 48.
Ne1 Nf5 49. Bxf5 Rxc1 50. Bg4 R1c3 51. h4 Qc6 52. Nd3 Nxd3 53. Rxd3 Rxd3 54.
Qxd3 Qxa4 55. Qf3 Qd7 56. Qf6+ Kh7 57. h5 g5 58. Bd1 a4 59. Qf3 Qe7 60. Qd3+
Kg7 61. Bc2 Rxc2 62. Qxc2 a3 63. Qb3 Qa7 64. Qa2 b5 65. f4 Qxd4 66. Qb1 Qb2+
0-1